ROBUST POLITICAL ECONOMY (Record no. 23532)
[ view plain ]
| 000 -LEADER | |
|---|---|
| fixed length control field | 00327nam a2200133Ia 4500 |
| 008 - FIXED-LENGTH DATA ELEMENTS--GENERAL INFORMATION | |
| fixed length control field | 240624s9999 xx 000 0 und d |
| 041 ## - LANGUAGE CODE | |
| Language code of text/sound track or separate title | eng |
| 082 ## - DEWEY DECIMAL CLASSIFICATION NUMBER | |
| Classification number | 330 PEN |
| 100 ## - MAIN ENTRY--PERSONAL NAME | |
| Personal name | PENNINGTON MARK |
| 245 ## - TITLE STATEMENT | |
| Title | ROBUST POLITICAL ECONOMY |
| 260 ## - PUBLICATION, DISTRIBUTION, ETC. | |
| Date of publication, distribution, etc. | 2011 |
| Place of publication, distribution, etc. | Cheltenham |
| Name of publisher, distributor, etc. | Edward Elgar |
| 300 ## - PHYSICAL DESCRIPTION | |
| Extent | 302 : p. : cm. ; 20 |
| 365 ## - TRADE PRICE | |
| Currency code | RS |
| Withdrawn status | Lost status | Damaged status | Not for loan | Home library | Current library | Shelving location | Date acquired | Cost, normal purchase price | Full call number | Barcode | Date last seen | Copy number | Price effective from | Koha item type |
|---|---|---|---|---|---|---|---|---|---|---|---|---|---|---|
| IMTN | IMTN | Rack 4-B | 10/14/2014 | 2891.00 | 330 PEN | 23532 | 06/24/2024 | 1 | 06/24/2024 | Books |